=LDR 00000nam 2200000 4500 =001 NUTBA000000000004682 =005 20140922100409.0 =006 =007 =008 =020 ##$$a 978-979-1480-72-7 =035 ##$$a 0010-091400000000715 =040 ##$$a NBPDMAT =082 ##$$a 612.664 =090 ##$$a 612.664 $b Uta p =100 ##$$a Utami Roesli, Hj =245 ##$$a Panduan inisiasi munyusu dini plus asi eksklusif / $c Hj.Utami Roesli ; penyunting, Yuni Harlinawati, Ria Dahlianti =250 ##$$a Cet.5 =260 ##$$a Jakarta : $b Pustaka Bunda, $c 2012. =300 ##$$a vi, 76 hlm. : $b ilus. ; $c 2012. =500 ##$$a Bibliografi : hlm. 72 - 74 =650 ##$$a Ali Eksekutif =700 ##$$a Yuni Harlinawati =850 ##$$a NBPDMAT =990 ##$$a 21409597